LIBRARY & INFORMATION CENTRE, KCAET, TAVANUR

ONLINE PUBLIC ACCESS CATALOGUE (OPAC)

Hand book of animal husbandry and dairying / (Record no. 1820)

MARC details
000 -LEADER
fixed length control field 00517cam a2200205ua 4500
041 ## - LANGUAGE CODE
Language code of text/sound track or separate title eng
082 ## - DEWEY DECIMAL CLASSIFICATION NUMBER
Classification number 636
Item number SUB/HA
100 ## - MAIN ENTRY--AUTHOR NAME
Personal name Subbiah, Mudaliar. V.T.
245 ## - TITLE STATEMENT
Title Hand book of animal husbandry and dairying /
250 ## - EDITION STATEMENT
Edition statement 1 /
260 ## - PUBLICATION, DISTRIBUTION, ETC. (IMPRINT)
Place of publication Chennai :
Name of publisher Central art press ,
Year of publication 1960.
300 ## - PHYSICAL DESCRIPTION
Number of Pages 203 ; .
942 ## - ADDED ENTRY ELEMENTS (KOHA)
Koha item type Books
Holdings
Withdrawn status Lost status Damaged status Home library Current library Date acquired Cost, normal purchase price Full call number Accession Number Koha item type
Withdrawn     KAUAET KAUAET 07/04/2012 8.00 636 7439 Books
Withdrawn     KAUAET KAUAET 07/04/2012 8.00 636 7432 Books
Withdrawn     KAUAET KAUAET 07/04/2012 8.00 636 7431 Books
free website counter